000 00587nam a22001577a 4500
008 160528b xxu||||| |||| 00| 0 eng d
082 _22006
_aUT 0050
_bB43
100 _99675
_aBenitez, Princess Joannah A.
245 _aThe attitudes of selected professionals and alternative medicine application to common ailments in Digos City/
_cPrincess Joannah A. Benitez.
300 _a45 pages;
_c29 cm.
650 0 _99674
_aNursing
_xUndergraduate thesis.
700 _99671
_aSarno, Eloiza Grace A.
700 _99672
_aGamorot, Lowell R.
700 _99673
_aQuirante, Jelyn A.
942 _2ddc
_cUT
999 _c2909
_d2909